000 02952cam a22011894i 4500
003 PE-LiUPU
005 20250813185337.0
008 161003s2013 ck r 000 0 spa d
020 _a9588806178
020 _a9789588806174
035 _a(Sirsi) a163895
040 _aPE-LiUPU
_bspa
_cPE-LiUPU
_erda
049 _aPRUA
082 0 4 _a338.98
_bG14
_220
100 1 _aGalindo Caballero, Mauricio,
_d1967-,
_eautor.
245 1 0 _aAmérica Latina :
_b¿amenaza? ¿ oportunidad? /
_cMauricio Galindo Caballero.
264 _aBogotá :
_bRandom house Mondadori,
_c2013.
300 _a235 páginas ;
_c24 centímetros
336 _text
_2rdacontent
337 _unmediated
_2rdamedia
338 _volume
_2rdacarrier
505 0 _aIntroducción -- Europa y el mundo avanzado se debilitan y latinoamérica mira desde la barrera por ahora -- Los buenos años: América latina en contravía -- Riegos para américa latina desde europa (y desde las otras grandes economías) -- Los retos, de ahora en adelante, para américa latina -- Corrillo final.
526 _aP202
526 _aP201
526 _aP163
526 _aP162
526 _aP161
526 _aP160
526 _aP148
526 _aP147
526 _aP146
526 _aP145
526 _aP144
526 _aP143
526 _aP142
526 _aP141
526 _aP140
526 _aP139
526 _aP138
526 _aP137
526 _aP136
526 _aP135
526 _aP134
526 _aP133
526 _aP129
526 _aP128
526 _aP127
526 _aP120
526 _aP119
526 _aP118
526 _aP116
526 _aP115
526 _aP114
526 _aP110
526 _aP109
526 _aP108
526 _aP104
526 _aP103
526 _aP102
526 _aP99
526 _aP98
526 _aP97
526 _aP96
526 _aP95
526 _aP93
526 _aP90
526 _aP89
526 _aP88
526 _aP83
526 _aP82
526 _aP62
526 _aP59
526 _aP58
526 _aP57
526 _aP51
526 _aP49
526 _aP48
526 _aP47
526 _aP29
526 _aP24
526 _aP20
526 _aP19
526 _aP17
526 _aP15
526 _aP14
526 _aP12
526 _aP10
526 _aP09
526 _aP08
526 _aP07
526 _aP06
526 _aP05
526 _aP04
526 _aP01
650 1 4 _aPolítica económica
_zAmérica Latina.
910 _adbm
_bncf
_cncf
_d20190513
942 _2ddc
_cBOOK
994 _aC0
_bPEPRU
596 _a1
999 _a338.98 G14
_wDEWEY
_c12753
_i74844
_f2021-11-5
_g6
_lCCODEBUL1
_mBUL
_p10.00
_r0
_sY
_tBOOK
_u2016-10-3
_xFCE
_PP01
_0COMPRA
_o.STAFF. Colección Ciencias Empresariales
_d12753
980 _81
_gALBERTO SANCHEZ Responsable de Automatización